| 000 | 00669nam a2200217 a 4500 | ||
|---|---|---|---|
| 008 | 980603s1989 m yCZ 0 cze c | ||
| 040 |
_aSNK _bslo _cSNK _eAACR2 |
||
| 041 | 1 | _acze | |
| 044 | _aCZ | ||
| 080 | _a801.323.1=850 | ||
| 080 | _a808.50-085.2(038) | ||
| 245 | 1 | 0 |
_aSlovník spisovného jazyka českého. Doplňky a opravy VIII. _cza ved. B. Havránka, ... zprac. kol. _bZ - Ž |
| 250 | _a2. nezm. vyd. | ||
| 260 |
_aPraha _bAcademia _c1989 |
||
| 300 |
_a161, [12] s. _c8ř |
||
| 650 | 0 | 7 |
_ačeština spisovná _xslovníky výkladové _2SNK |
| 650 | 0 | 7 |
_aslovníky výkladové české _2SNK |
| 700 | 1 |
_aHavránek, Bohuslav _4aut |
|
| 020 | _c74 | ||
| 958 | _aA | ||
| 999 |
_c19235 _d19235 |
||